| 000 | 00875nam a22001935i 4500 | ||
|---|---|---|---|
| 001 | 178714 | ||
| 003 | ES-MaACL | ||
| 005 | 20230906220605.0 | ||
| 008 | 110613s1974 sp d |||| | spa d | ||
| 080 | _a613.632 | ||
| 100 | 1 |
_aAmorós Macau, José María. _9147159 |
|
| 245 | 1 | 0 |
_aContribución al estudio médico sanitario y jurídico laboral de la intoxicación crónica por mercurio / _cresumen de la tesis presentada para aspirar al grado de doctor en medicina por José Mª Amorós Macau. |
| 260 |
_aBarcelona : _bUniversidad de Barcelona, Secretariado de Publicaciones, Intercambio Científico y Extensión Universitaria : _b[Ivern], _c1974. |
||
| 300 |
_a27 p. : _bil. bl. y n. ; _c24 cm. |
||
| 500 | _aCub. tomada como port. | ||
| 650 | 4 |
_aIntoxicaciones. _9147160 |
|
| 710 | 2 |
_aUniversidad de Barcelona. _97141 |
|
| 852 |
_aES-MaACL _jE-15361 (117) _xOlim P-1374 |
||
| 999 |
_c178714 _d178714 |
||